Rocky Mountain High (Lyrics) - Statistics

General Stats
  • This quiz has been taken 233 times
  • The average score is 198 of 355
Answer Stats
Answer % Correct
Mountain
95%
mountain
95%
Rocky
95%
high
94%
a
92%
the
91%
The
91%
in
80%
He
75%
he
75%
Colorado
73%
to
70%
of
66%
Of
66%
and
62%
And
62%
It
62%
it
62%
was
62%
sky
60%
see
59%
you
59%
You
59%
his
56%
His
56%
On
53%
When
53%
by
49%
born
48%
year
47%
home
46%
summer
45%
fire
44%
is
43%
every
42%
for
42%
never
42%
been
41%
I've
41%
seen
41%
can
40%
before
39%
27th
38%
But
38%
but
38%
place
38%
say
38%
he'd
37%
him
36%
they
35%
Coming
34%
rainin
33%
try
33%
again
31%
mountains
31%
from
29%
left
29%
that
29%
as
28%
might
28%
friend
27%
yesterday
27%
behind
26%
came
26%
found
26%
life
26%
saw
26%
sun
26%
down
25%
key
25%
campfire
24%
door
24%
first
24%
more
24%
More
24%
last
23%
road
23%
far
22%
around
21%
blue
21%
Now
21%
away
20%
everybody's
20%
has
20%
some
20%
song
19%
touch
19%
long
18%
lost
18%
than
18%
casual
17%
crazy
17%
don't
17%
lake
17%
once
17%
reply
17%
tried
17%
broken
16%
God
16%
got
16%
listen
16%
memory
16%
people
16%
Talk
16%
already
15%
bring
15%
Friends
15%
kept
15%
land
15%
lullaby
15%
quiet
15%
walks
15%
hangin
14%
heart
14%
really
14%
upon
14%
care
13%
clear
13%
clouds
13%
couple
13%
doesn't
13%
fast
13%
serenity
13%
solitude
13%
strings
13%
tear
13%
thing
13%
everything
12%
knows
12%
scars
12%
softer
12%
streams
12%
takes
12%
changin
11%
forests
11%
keeps
11%
step
11%
below
10%
cannot
10%
climbed
10%
comprehend
10%
fear
10%
full
10%
grace
10%
Seeking
10%
shadow
10%
still
10%
understand
10%
wonder
10%
silver
9%
simple
9%
starlight
9%
himself
8%
inside
7%
turned
7%
cathedral
5%
sight
4%
While
4%
No matching quizzes found
Score Distribution
Percent of People with Each Score
Percentile by Number Answered
Your Score History
You have not taken this quiz